Wind in architectural and environmental design

Bibliographic Details
Main Author: Melaragno, Michele G. (Author)
Format: Book
Published: New York Van Nostrand Reinhold c1982
Subjects:

MARC

LEADER 00000cam a2200000 7i4500
001 0000000203
008 021118n
020 |a 0442251300 
090 0 0 |a TA654.5  |b .M46 
100 0 |a Melaragno, Michele G.  |e author 
245 0 0 |a Wind in architectural and environmental design   |c Michele G. Melaragno 
260 2 |a New York   |b Van Nostrand Reinhold  |c c1982 
300 |a xvii, 684 p. ;  |c 25 cm. 
650 0 |a Architectural design 
650 0 |a Environmental engineering 
650 0 |a Tornadoes 
650 0 |a Wind power 
650 0 |a Wind  |x Pressure 
999 |a 1000035455  |b Book  |c OPEN SHELF (30 DAYS)  |e Gong Badak Campus